| 000 | 00775nam a22001697a 4500 | ||
|---|---|---|---|
| 005 | 20260304085223.0 | ||
| 008 | 240815b ||||| |||| 00| 0 eng d | ||
| 082 | _aDPer 155.205 J826 April-June 2020 v. 118 n. 4-6 | ||
| 100 |
_aBeck, Emorie D. _eauthor. _957815 |
||
| 245 |
_aConsistency and change in idiographic personality : _ba longitudinal esm network study / _cEmorie D. Beck and Joshua J. Jackson. |
||
| 260 |
_aWashington ; _bAmerican Psychological Association , _cMay 2020. |
||
| 300 |
_aVolume 118, pages 1080-1100 : _billustration ; _c28 cm. |
||
| 500 | _aJournal of Personality and Social Psychology, vol. 118, no. 5, pages 1080-1100, May 2020. | ||
| 700 |
_aEmorie D. Beck _eauthor. _957816 |
||
| 700 |
_aJackson, Joshua J. _eauthor. _957817 |
||
| 942 |
_2ddc _cPER |
||
| 999 |
_c20474 _d20474 |
||